40 Penyebab gangguan syaitan di rumah

Bibliographic Details
Main Author: Halimah Zainuddin
Format: Book
Published: Kuala Lumpur : Jasmin Enterprise , 2005
Subjects:

MARC

LEADER 00000cam a2200000 7i4500
001 0000013696
005 20090607.0
008 240108
020 |a 9833128750 
090 0 0 |a 297.216   |b HAL 
100 0 |a Halimah Zainuddin 
245 1 0 |a 40 Penyebab gangguan syaitan di rumah   |c Halimah Zainuddin 
260 |a Kuala Lumpur :   |b Jasmin Enterprise ,   |c 2005 
650 0 |a Devil   |x Islam 
650 0 |a Muslims   |x Conduct of life 
650 0 |a Religions life   |x Islam 
740 1 |a Empat puluh penyebab gangguan syaitan di rumah 
999 |a 0001005460   |b Book   |c Adult Collection   |e Perbadanan Perpustakaan Awam Johor